Countries Closest to Istanbul - Statistics

General Stats
  • This quiz has been taken 143 times
  • The average score is 19 of 20
Answer Stats
Distance (km) Distance (mi) Country % Correct
201 125 Greece
100%
134 83 Bulgaria
99%
0 0 Turkey
99%
305 190 Romania
98%
777 483 United Kingdom / Akrotiri / Dhekelia
97%
711 442 Cyprus
96%
506 314 North Macedonia
96%
467 290 Ukraine
96%
670 416 Albania
95%
535 (773) 332 (480) Russia / Crimea / (Krasnodar Krai)
95%
548 341 Serbia
95%
831 516 Bosnia and Herzegovina
94%
625 388 Kosovo
94%
499 310 Moldova
93%
861 535 Hungary
92%
891 554 Italy
92%
811 504 Syria
92%
882 548 Croatia
91%
743 462 Montenegro
89%
936 582 Lebanon
86%
No matching quizzes found
Score Distribution
Percent of People with Each Score
Percentile by Number Answered
Your Score History
You have not taken this quiz